00571nam a22001337a 4500003000900000005001700009008004100026040002500067082001500092110004000107245020800147260006300355300001900418DO-SdBNP20220119085944.0220119b1982 ||||| |||| 00| 0 spa d aDO-SdBNPbspacBNPHU axxxbS678v aSociedad Dominicana de Bibliofilos. aVersión en castellano de la conferencia ofrecida por Gustavo A. Tavares E., vice-presidente de la Sociedad Dominicana de Bibliofilos inc. en la... :bun programa fascinante de publicaciones caribeñas aSanto Domingo :bSociedad Dominicana de Bibliofilos,c1982 a13 p. ;c23 cm